Normal view
MARC view
- Baker, J. R. Emerson
Entry Personal Name
001 - CONTROL NUMBER
- control field: 48782
003 - CONTROL NUMBER IDENTIFIER
- control field: NUST
005 - DATE AND TIME OF LATEST TRANSACTION
- control field: 20210314134136.0
008 - FIXED-LENGTH DATA ELEMENTS
- fixed length control field: 210314|| aca||aabn | a|a d
040 ## - CATALOGING SOURCE
- Original cataloging agency: NUST
- Transcribing agency: NUST
100 ## - HEADING--PERSONAL NAME
- Personal name: Baker, J. R. Emerson
670 ## - SOURCE DATA FOUND
- Source citation: Work cat.: (NUST): Lindsell, W. G. 48781, Military organization and administration., C1932.
